La protección de los datos personales en internet ante la innovación tecnológica (Registro nro. 9023)
[ vista simple ]
| 000 -Cabecera | |
|---|---|
| Campo de control de longitud fija | 00881nam a22003137a 4500 |
| 005 - Fecha y hora de la última transacción | |
| Campo de control | 20231002092922.0 |
| 008 - Elementos de longitud fija--Información general | |
| Campo de control de longitud fija | 170313b2013 xxu||||| |||| 00| 0 spa d |
| 020 ## - International Standard Book Number | |
| Número Internacional Estándar del Libro (ISBN) | 9788490149706 |
| 041 ## - Idioma | |
| Código de idioma | Español |
| 082 ## - Clasificación Decimal Dewey | |
| Número de clasificación | 342 085 8 V165p |
| 100 ## - Entrada principal--Autor personal | |
| Nombre personal | Valero Torrijos, Julián |
| 9 (RLIN) | 41118 |
| 245 ## - Título propiamente dicho | |
| Título | La protección de los datos personales en internet ante la innovación tecnológica |
| 260 ## - Pie de imprenta | |
| Lugar de publicación, distribución, etc. | España |
| 260 ## - Pie de imprenta | |
| Nombre del editor, distribuidor, etc. | Thomson Reuters Aranzadi |
| 260 ## - Pie de imprenta | |
| Fecha de publicación, distribución, etc. | 2013 |
| 300 ## - Descripción física | |
| Extensión | 594 páginas |
| 650 ## - Materia general | |
| Temática (materia general) | PROTECCIÓN DE DATOS |
| 650 ## - Materia general | |
| Temática (materia general) | DATOS PERSONALES |
| 650 ## - Materia general | |
| Temática (materia general) | INTERNET |
| 650 ## - Materia general | |
| Temática (materia general) | NUBE |
| 650 ## - Materia general | |
| Temática (materia general) | PROTECCIÓN DEL USUARIO |
| 650 ## - Materia general | |
| Temática (materia general) | PORTABILIDAD DE DATOS |
| 650 ## - Materia general | |
| Temática (materia general) | PRIVACIDAD |
| 650 ## - Materia general | |
| Temática (materia general) | INTERNET MÓVIL |
| 650 ## - Materia general | |
| Temática (materia general) | GEOLOCALIZACIÓN |
| 650 ## - Materia general | |
| Temática (materia general) | GEOMARKETING |
| 650 ## - Materia general | |
| Temática (materia general) | MENSAJERÍA |
| 942 ## - Punto de acceso adicional KOHA | |
| Tipo de ítem KOHA | Libro |
| Fuente del sistema de clasificación o colocación | Dewey Decimal Classification |
| Signatura completa | Código de barras | Tipo de ítem |
|---|---|---|
| 342.085.8 V165p | 21657 | Libro |
| 342.085.8 V165p | 21658 | Libro |